Psicología evolutiva; teorías y ámbitos de investigación /

Guardado en:
Autor Principal: Marti Sala, Eduardo
Formato: Libro
Publicado: España : Anthropos, 1991
Series:Psicolog¡a, 16
Materias:
Etiquetas: Agregar Etiqueta
Sin Etiquetas, Sea el primero en etiquetar este registro!
LEADER 00612nam a22002175a 4500
001 CEM.cems007480
005 20060214000000.0
008 130507s1991##################000#0#####d
003 CEMS
082 0 4 |a 136.3 
100 1 |a Marti Sala, Eduardo 
245 1 0 |a Psicología evolutiva; teorías y ámbitos de investigación / 
260 |a España :  |b Anthropos,  |c 1991 
300 |a 319 p. 
490 0 |a Psicolog¡a, 16 
653 |a Piaget 
653 |a Psicología 
653 |a Psicología evolutiva 
653 |a Teorias evolutivas 
653 |a Vigotski 
859 |a CEMS  |b BIB. CEMS - 11 de abril  |h 136.3  |i M362  |p 17526.94  |t Ej.1